Pokémon - Les attaques de Nénupiot - Statistiques

Statistiques générales
  • Ce quiz a été pris 13 fois
  • Le résultat moyen est 10 sur 13
Statistiques - réponses
Niveaux Types Noms des attaques % Correct
Niveau 9 Glace Brume
100%
Niveau 20 Eau Bulles d'O
100%
Départ Spectre Étonnement
100%
Niveau 28 Plante Giga-Sangsue
100%
Niveau 12 Plante Méga-Sangsue
100%
Niveau 6 Eau Pistolet à O
100%
Niveau 3 Plante Vol-Vie
100%
Départ Normal Rugissement
71%
Niveau 33 Eau Danse Pluie
57%
Niveau 43 Plante Éco-Sphère
57%
Niveau 24 Normal Force Nature
43%
Niveau 38 Psy Psykoud'Boul
43%
Niveau 16 Normal Gigotage
29%
Aucun quiz correspondant
Distribution des résultats
% des personnes avec chaque résultat
Percentile par nombre de réponses
Votre historique - résultats
Vous n’avez pas pris ce quiz